Microeconomics
Guardat en:
| Autor principal: | |
|---|---|
| Format: | Llibre |
| Idioma: | anglès |
| Publicat: |
Pearson Education
2016
|
| Etiquetes: |
Afegir etiqueta
Sense etiquetes, Sigues el primer a etiquetar aquest registre!
|
MARC
| LEADER | 00000nam a22000007a 4500 | ||
|---|---|---|---|
| 008 | 210126b ||||| |||| 00| 0 eng d | ||
| 020 | |a 978-1-292-09463-2 | ||
| 100 | |a PARKIN, Michael. | ||
| 245 | |a Microeconomics |c Michael Parkin |g 528p. | ||
| 260 | |b Pearson Education |c 2016 |h Boston |i 690953 |i 690954 |l HB172 .P21 |m Microeconomics. | ||
| 500 | |a “It includes index”. | ||
| 942 | |a lcc |c BK |e Ogunmilade F.T. |f 26/1/2021 | ||
| 952 | |0 0 |1 0 |2 lcc |4 0 |6 HB0172 P21 |7 0 |9 1853 |a HOL |b HOL |d 2021-01-26 |l 0 |o HB172 .P21 |p 2021-5721 |r 2021-01-26 00:00:00 |w 2021-01-26 |y BK | ||
| 952 | |0 0 |1 0 |2 lcc |4 0 |6 HB0172 P21 |7 0 |9 1854 |a HOL |b SSL |c GJ |d 2021-01-26 |l 0 |o HB172 .P21 |p 2021-5722 |r 2021-01-26 00:00:00 |w 2021-01-26 |y BK | ||
| 999 | |c 971 |d 971 | ||